baby names: Shakespeare - Statistics

General Stats
  • This quiz has been taken 70 times
  • The average score is 22 of 77
Answer Stats
# of characters Name % Correct
1 Juliet
88%
1 Romeo
77%
7 Henry
69%
6 John
69%
1 Ophelia
69%
5 Richard
69%
6 William
60%
3 Anne
58%
3 Katharine
58%
3 Edward
56%
1 Elizabeth
54%
1 James
54%
1 Olivia
48%
2 Margaret
46%
1 Helen
44%
2 Maria
44%
1 Julia
42%
3 Thomas
42%
1 Isabella
40%
1 Julius
40%
1 Peter
40%
1 Aaron
38%
1 Beatrice
38%
2 Francis
38%
1 Miranda
38%
5 Antonio
35%
1 Charles
35%
1 Diana
35%
2 Robert
35%
1 Andrew
33%
1 Emilia
33%
1 George
33%
1 Adam
31%
2 Helena
31%
1 Oliver
31%
1 Frederick
29%
1 Marcus
29%
2 Sebastian
29%
1 Eleanor
27%
1 Ariel
25%
1 Jessica
25%
1 Alice
23%
2 Bianca
23%
1 Duncan
23%
2 Philip
23%
2 Phillip
23%
1 Arthur
19%
1 Orlando
19%
1 Cassandra
17%
1 Celia
17%
1 Christopher
17%
1 Edgar
17%
1 Jack
17%
2 Paris
17%
1 Gregory
13%
1 Hector
13%
1 Nathaniel
13%
1 Octavia
13%
3 Titus
13%
1 Malcolm
10%
1 Mariana
10%
1 Marina
10%
1 Robin
10%
1 Adriana
8%
1 Hugh
8%
1 Lorenzo
8%
1 Alonso
6%
2 Angelo
6%
1 Audrey
6%
1 Sylvia
6%
1 Fabian
4%
1 Lennox
4%
3 Lewis
4%
1 Valeria
4%
1 Curtis
2%
1 Luciana
2%
1 Paulina
0%
No matching quizzes found
Score Distribution
Percent of People with Each Score
Percentile by Number Answered
Your Score History
You have not taken this quiz